|
|
|
|
| LEADER |
00000nab a2200000 ar4500 |
| 001 |
vtls010350515 |
| 003 |
SK-MaSNL |
| 005 |
20260428075011.0 |
| 008 |
120404c2012 xo wr|p|||||||000 b|slo |
| 015 |
|
|
|a SNBRB2008
|2 pppk
|
| 038 |
|
|
|a PPPK
|
| 040 |
|
|
|a PPPKCL
|b slo
|c PPPKCL
|e AACR2
|
| 041 |
0 |
|
|a slo
|
| 044 |
|
|
|a xo
|c SK
|
| 080 |
|
|
|a 929-027.541
|2 2001
|
| 245 |
0 |
0 |
|a Historický kalendár osobností - február
|
| 300 |
|
|
|b Fotogr.
|
| 500 |
|
|
|a Autor a fotograf nie su uvedení v článku.
|
| 600 |
1 |
7 |
|a Mauksch, Tomáš Tobiáš,
|d 1749-1832
|2 pppkcl
|9 1274716
|
| 600 |
1 |
7 |
|a Sekelj, Tibor,
|d 1912-1988
|2 pppkcl
|9 245447
|
| 600 |
1 |
7 |
|a Genersich, Ernest,
|d 1902-1956
|2 pppkcl
|9 133270
|
| 650 |
0 |
7 |
|a osobnosti
|2 pppkcl
|9 29820
|
| 651 |
|
7 |
|a Kežmarok (Slovensko)
|2 pppkcl
|9 26808
|
| 651 |
|
7 |
|a Spišská Sobota (Poprad, Slovensko)
|2 pppkcl
|9 54498
|
| 773 |
0 |
|
|t Podtatranský kuriér
|g Roč. II, č. 6 (2012), s. 6
|
| 852 |
|
|
|a PPPK
|b KIS3GCP
|
| 999 |
|
|
|c 2527721
|d 2529651
|